The yearbook of South Asian languages and linguistics.

Bibliographic Details
New Title:Annual review of South Asian languages and linguistics
Format: Serial
Language:English
Published: New Delhi ; Thousand Oaks : Sage Publications, 1998-2006.
Subjects:
Online Availability: Check for online availability

MARC

Tag First Indicator Second Indicator Subfields
LEADER 00000cas a2200000 a 4500
001 in00001715513
005 20151024174121.0
008 980608d19982006ii ar 0 0eng
010 |a  98903092  
022 |a 0971-9539  |2 20 
025 |a I-E-E-98-903092; 23 
029 1 |a NLGGC  |b 189101423 
029 1 |a YDXCP  |b 2395367 
029 1 |a YDXCP  |b 2182086 
029 1 |a YDXCP  |b 2104998 
029 1 |a YDXCP  |b 100275745 
029 1 |a YDXCP  |b 100163676 
029 1 |a YDXCP  |b 100108794 
029 1 |a NZ1  |b 1037285 
029 1 |a AU@  |b 000014014505 
029 1 |a AU@  |b 000021934529 
035 |a (OCoLC)ocm39252471 
040 |a DLC  |c DLC  |d GUA  |d WAU  |d SYS  |d NLGGC  |d DLC  |d PAU  |d WAU  |d UtOrBLW 
042 |a lc 
043 |a az----- 
049 |a TXAM 
050 0 0 |a PK1508  |b .Y4 
210 1 |a Yearb. South Asian lang. linguist. 
222 4 |a The yearbook of South Asian languages and linguistics 
245 0 4 |a The yearbook of South Asian languages and linguistics. 
264 1 |a New Delhi ;  |a Thousand Oaks :  |b Sage Publications,  |c 1998-2006. 
300 |a 9 volumes ;  |c 25 cm. 
310 |a Annual 
336 |a text  |b txt  |2 rdacontent 
337 |a unmediated  |b n  |2 rdamedia 
338 |a volume  |b nc  |2 rdacarrier 
362 0 |a 1998-2006. 
650 0 |a Indo-Aryan languages  |v Periodicals. 
650 0 |a Indo-Aryan languages, Modern  |v Periodicals. 
651 0 |a South Asia  |x Languages  |x Semantics  |v Periodicals. 
650 0 |a Sociolinguistics  |z South Asia  |v Periodicals. 
785 0 0 |t Annual review of South Asian languages and linguistics  |w (DLC) 2008205588  |w (OCoLC)192022715 
850 |a DLC  |a GU 
891 0 0 |9 853  |8 1  |a (year) 
891 4 1 |9 863  |8 1  |a <1998>  |x provisional 
948 |a cataloged  |b h  |c 2002/11/20  |d c  |e coplinge  |f 5:44:47 pm 
994 |a C0  |b TXA 
999 |a MARS 
999 f f |s 5a7b46c6-a0d4-392b-8c12-becd406a21c5  |i dad09a8b-234c-3789-bedb-f2710b4566d7  |t 0 
952 f f |p normal  |a Texas A&M University  |b College Station  |c Sterling C. Evans Library  |d Evans: Library Stacks  |t 0  |e PK1508 .Y4  |h Library of Congress classification  |i unmediated -- volume  |l 2002  |m A14829410504 
998 f f |a PK1508 .Y4  |s 2002  |t 0  |l Evans: Library Stacks